Postergadas transformaciones partidarias
Guardat en:
| Format: | Text |
|---|---|
| Matèries: | |
| Etiquetes: |
Afegir etiqueta
Sense etiquetes, Sigues el primer a etiquetar aquest registre!
|
MARC
| LEADER | 00000 a a2200000 04500 | ||
|---|---|---|---|
| 001 | 5863 | ||
| 003 | |||
| 040 | |||
| 245 | |a Postergadas transformaciones partidarias | ||
| 650 | |a PARTIDOS POLITICOS | ||
| 650 | |a ASPECTOS POLITICOS | ||
| 650 | |a SISTEMAS ELECTORALES | ||
| 650 | |a POLITICAS GUBERNAMENTALES | ||
| 773 | |g volumen 15, número 626; páginas 4-6 | ||
| 999 | |c 22288 |d 22288 | ||
